000 00325 a2200121 4500
000 nam a22 7a 4500
005 20260312115000.0
020 _a9781032937304
100 _aAmy Allen
_91000180
245 _aThe Power of Feminist Theory : Domination, Resistance, Solidarity
260 _bRoutledge
_c2025
942 _cTEXL
999 _c1715208
_d1715208